Logicko-historický a komparatívno-dynamický prístup k teórii konkurencie a protimonopolnej politiky
Základné fázy vývoja teórii konkurencie, súťaživosti a protimonopolnej politiky. Najstaršie teoreticko-politické názory na problematiku konkurencie a monopolu, klasická teória dynamickej konkurencie.
Salvato in:
| Autore principale: | |
|---|---|
| Natura: | Capitolo di libro |
| Lingua: | slovacco |
| Soggetti: | |
| Tags: |
Nessun Tag, puoi essere il primo ad aggiungerne!!
|
MARC
| LEADER | 00000naa a2200000 4500 | ||
|---|---|---|---|
| 001 | 0161720 | ||
| 005 | 20240521104117.0 | ||
| 041 | 0 | |a slo | |
| 044 | |a SK | ||
| 245 | 1 | 0 | |a Logicko-historický a komparatívno-dynamický prístup k teórii konkurencie a protimonopolnej politiky |c Mária Tokárová |
| 520 | |a Základné fázy vývoja teórii konkurencie, súťaživosti a protimonopolnej politiky. Najstaršie teoreticko-politické názory na problematiku konkurencie a monopolu, klasická teória dynamickej konkurencie. | ||
| 610 | 2 | 0 | |a teórie ekonomické |
| 610 | 2 | 0 | |a dejiny myslenia ekonomického |
| 610 | 2 | 0 | |a konkurencia |
| 610 | 2 | 0 | |a politika protimonopolná |
| 100 | 1 | |a Tokárová, Mária | |